Normal view
MARC view
- Pasquier,Roger Du.
Entry Personal Name
001 - CONTROL NUMBER
- control field: 28496
003 - CONTROL NUMBER IDENTIFIER
- control field: NUST
005 - DATE AND TIME OF LATEST TRANSACTION
- control field: 20200217163350.0
008 - FIXED-LENGTH DATA ELEMENTS
- fixed length control field: 200217|| aca||aabn | a|a d
040 ## - CATALOGING SOURCE
- Original cataloging agency: NUST
- Transcribing agency: NUST
100 ## - HEADING--PERSONAL NAME
- Personal name: Pasquier,Roger Du.
670 ## - SOURCE DATA FOUND
- Source citation: Work cat.: (NUST): Pasquier,Roger Du., Unveiling Islam., 2001.
